| 000 | 00596nam a2200205Ia 4500 | ||
|---|---|---|---|
| 003 | GCL | ||
| 008 | 140319s9999 xx 000 0 ara d | ||
| 040 |
_aGCL / _cGCL |
||
| 082 | 0 | 4 |
_a823.03 _bش ر |
| 100 | 1 | _aرمزى يسى | |
| 245 | 1 | 0 |
_aرحلة الى الارض / _cرمزى يسى |
| 700 | 1 | _aشيكلى، روبرت | |
| 700 | 1 | _aعاطف البرقوقى | |
| 300 | _a295 ص | ||
| 490 |
_aالالف كتاب _v0 |
||
| 650 | 0 | 4 | _aالتخيل الابداعى |
| 650 | 0 | 4 | _aالادب الامريكى المترجم |
| 650 | 0 | 4 | _aالقصص الامريكية |
| 942 |
_2ddc _cBK |
||
| 999 |
_c44344 _d44344 |
||